| 000 | 00921nam a2200277 i 4500 | ||
|---|---|---|---|
| 001 | bg | ||
| 003 | BPK | ||
| 005 | 20220916112456.0 | ||
| 008 | s1999 pl f |000 0 pol d | ||
| 020 | _a8386840889 | ||
| 040 | _cBPK | ||
| 080 | _a657 | ||
| 080 | _a658.14/.17 | ||
| 080 | _a(075.8) | ||
| 100 | 1 |
_aJaruga, Alicja _d(1928-2011) _eAutor |
|
| 245 | 1 | 0 |
_aRachunkowość zarządcza : _bkoncepcje i zastoswania / _cAlicja A. Jaruga, Wojciech A. Nowak, Anna Szychta. |
| 260 |
_aŁódź : _b"Absolwent", _c1999. |
||
| 300 |
_a859, [2] s. : _bwykr. ; _c25 cm. |
||
| 504 | _aBibliogr. przy rozdz. | ||
| 655 | 4 | _aPodręczniki akademickie | |
| 650 | 4 | _aRachunkowość zarządcza | |
| 700 | 1 |
_aSzychta, Anna _eAutor |
|
| 700 | 1 |
_aNowak, Wojciech Andrzej _eAutor |
|
| 942 |
_cKS _2udc |
||
| 856 |
_uhttp://koha.tu.koszalin.pl/cgi-bin/koha/opac-detail.pl?biblionumber=36342 _yKatalog online BPK |
||
| 999 |
_c36342 _d36342 |
||